000 00360nam a2200133Ia 4500
008 240624s9999 xx 000 0 und d
041 _aeng
082 _a425 WEI
100 _aWEISS EDMOND H
245 _aELEMENTS OF INTERNATIONAL ENGLISH STYLE
260 _c2008
_aNew Delhi
_bPrentice-Hall of India
300 _axv, : 162 : p. : cm. ; 24
365 _cRS
_b36
999 _c10127
_d10127